LDR 00976naa#a2200181#i#450# 001 RU\\bibl\120777 005 20260428161124.2 011 ## _a2782-5256 100 ## _a20251225b2025####ek#y0rusy0150####ca 102 ## _aRU 200 1# _aНекоторые проблемы изъятия наркотических средств, психотропных веществ, их аналогов, растений, содержащих наркотические средства или психотропные вещества _eЖурнальная статья 210 1# _aМосква _cМосковский университет МВД России имени В.Я. Кикотя _d2025 215 ## _a5 с. 608 ## _aЖурнальная статья _2local 675 ## _aПраво. Юридические науки. 34 _z 700 #1 _aБитюцкий _gЕвгений Владимирович 700 #1 _aСвечников _gНиколай Иванович 856 4# _amosumvd.editorum.ru _u